000 00610nam a2200241Ia 4500
001 32348
005 20240114001602.0
007 ta
008 060824s g b000 u 346 u
040 _aCotton College,Assam
041 _a346
082 _a891.443
_bLa 385 Ar
100 _aLavrethski, I. .
245 0 _aArnesto Che Guebhara /
_cI. Lavrethski.
_hTextual Documents
250 _a1st ed. /
260 _aCalcutta :
_bManisha ,
_cnd.
300 _a413p. ;
_c22cm.
653 _aBengali Fiction
653 _aG-Bengali
942 _2ddc
_cBK
999 _c32330
_d32330